000 02172cam a2200409Ia 4500
001 ocm77484429
003 OCoLC
005 20210303085352.0
006 m d
007 cr cn|||||||||
008 061227s2005 ne ob 000 0 eng d
020 _a9781849503631 (electronic bk.) :
_c£64.95 ; € 91.95 ; $106.95
020 _a184950363X (electronic bk.) :
_c£64.95 ; € 91.95 ; $106.95
020 _z076231236X (hbk.)
040 _aN$T
_beng
_cN$T
_dYDXCP
_dOCLCQ
_dOCLCG
_dOCLCQ
_dMERUC
_dUBY
_dZJC
050 4 _aJA76
_b.S65 2005
072 7 _aJHBA
_2bicssc
072 7 _aSOC026000
_2bisacsh
080 _a316
082 0 4 _a306.2
_222
245 0 0 _aSocial theory as politics in knowledge
_h[electronic resource] /
_cedited by Jennifer M. Lehmann.
260 _aAmsterdam ;
_aBoston :
_bJAI,
_c2005.
300 _a1 online resource (xv, 356 p.)
490 1 _aCurrent perspectives in social theory,
_x027801204 ;
_vv. 23
504 _aIncludes bibliographical references.
520 _aThis volume discusses, and manifests, three interrelated perspectives in social theory. First, that all knowledge, including scientific knowledge, is theoretical: there are alternative perspectives, or theories, about any phenomenon. Second, that all knowledge, including scientific knowledge is political: these alternative perspectives are contested, as they are related to different groups with different interests. Third, that all knowledge, including scientific knowledge, is social: alternative perspectives have alternative social causes and alternative social effects.
588 _aDescription based on print version record.
650 0 _aPolitical sociology.
650 0 _aSociology
_xPhilosophy.
650 7 _aSocial theory.
_2bicssc
650 7 _aSocial Science
_xSociology
_xGeneral.
_2bisacsh
700 1 _aLehmann, Jennifer M.,
_d1956-
776 0 8 _iPrint version:
_tSocial theory as politics in knowledge.
_dAmsterdam ; Boston : JAI, 2005
_z076231236X
_w(OCoLC)62347342
830 0 _aCurrent perspectives in social theory ;
_vv. 23.
856 4 0 _uhttps://www.emerald.com/insight/publication/doi/10.1016/S0278-1204(2005)23
913 _1SSbacklist
999 _c31807
_d31807